000 00879cam a2200313 4500
001 1715341
003 OSt
005 20230627113033.0
008 721214s1973 njua b 001 0 eng
010 _a 72013699
020 _a0139244077 (pbk.)
_a0139244158
040 _aDLC
_cDLC
_dDLC
082 0 0 _a335
_bEBEN
100 1 _aEbenstein, William,
_d1910-
245 1 0 _aToday's isms; communism, fascism, capitalism, socialism.
250 _a7th ed.
260 _aEnglewood Cliffs, N.J.,
_bPrentice-Hall
_c[1973]
300 _axii, 266 p.
_billus.
_c24 cm.
350 _a$7.95
504 _aIncludes bibliographies.
650 0 _aCommunism.
650 0 _aFascism.
650 0 _aSocialism.
650 0 _aCapitalism.
650 0 _aComparative government.
650 0 _aComparative economics.
906 _a7
_bcbc
_corignew
_d1
_eocip
_f19
_gy-gencatlg
942 _2ddc
_cBK
999 _c2839
_d2839